|
|
|
|
| LEADER |
01503nam a2200301 a 4500 |
| 001 |
15659128 |
| 008 |
090313s2009 ne a b 001 0 eng d |
| 010 |
|
|
|a 2009008997
|
| 020 |
|
|
|a 9780123747655 (hbk. : alk. paper)
|
| 020 |
|
|
|a 0123747651 (hbk. : alk. paper)
|
| 020 |
|
|
|a 9780123750860 (DVD-ROM)
|
| 020 |
|
|
|a 0123750865 (DVD-ROM)
|
| 040 |
|
|
|a DLC
|c DLC
|d C#P
|d UKM
|d BTCTA
|d YDXCP
|d BWX
|d CDX
|d NLGGC
|d MUQ
|d CGU
|d ZWZ
|d GBVCP
|d YBM
|d DLC
|d BD-DhAAL
|
| 082 |
0 |
0 |
|a 006.3/12
|2 22
|
| 100 |
1 |
|
|a Nisbet, Robert.
|
| 245 |
1 |
0 |
|a Handbook of statistical analysis and data mining applications /
|c Robert Nisbet, John Elder, Gary Miner.
|
| 246 |
1 |
4 |
|a Handbook of statistical analysis & data mining applications
|
| 260 |
|
|
|a Amsterdam ;
|a Boston :
|b Academic Press/Elsevier,
|c c2009.
|
| 300 |
|
|
|a xxxiv, 824 p. :
|b ill. (chiefly col.) ;
|c 25 cm. +
|e 1 DVD-ROM (4 3/4 in.)
|
| 504 |
|
|
|a Includes bibliographical references and index.
|
| 541 |
|
|
|e 00026720
|
| 650 |
|
0 |
|a Data mining
|x Statistical methods.
|
| 700 |
1 |
|
|a Elder, John F.
|q (John Fletcher)
|
| 700 |
1 |
|
|a Miner, Gary.
|
| 852 |
1 |
|
|a Ayesha Abed Library
|c General shelf.
|
| 999 |
|
|
|c 13251
|d 13251
|
| 952 |
|
|
|0 0
|1 0
|2 ddc
|4 0
|6 006_312000000000000_NIS
|7 0
|9 22062
|a BRACUL
|b BRACUL
|c GEN
|d 2013-03-19
|e Karim International
|g 9800.00
|l 4
|m 67
|o 006.312 NIS
|p 3010026720
|r 2025-05-26
|s 2025-02-19
|t 1
|w 2013-03-19
|y BK
|
| 952 |
|
|
|0 0
|1 0
|2 ddc
|4 0
|6 006_312000000000000_NIS
|7 0
|9 22063
|a BRACUL
|b BRACUL
|c AV
|d 2013-03-19
|e Karim International
|l 0
|o 006.312 NIS
|p 4010026720
|r 2013-03-19
|t 1
|w 2013-03-19
|y AV
|